The New reproductive technologies /

Bibliographic Details
Corporate Author: British Sociological Association. Conference
Other Authors: McNeil, Maureen, Varcoe, Ian, Yearley, Steven
Format: Book
Language:English
Published: New York : St. Martin's Press, 1990.
Subjects:

MARC

Tag First Indicator Second Indicator Subfields
LEADER 00000cam a2200000 a 4500
001 in00004454021
005 20191202120856.0
008 890711s1990 nyu b 10100 eng c
010 |a  89010640  
020 |a 0312035993 
035 |a (OCoLC)20097629 
035 |9 AAA1702MS 
035 |z (UtOrBLW)621 
035 |a 1428 
040 |a DNLM/DLC  |c DLC  |d TMV  |d UtOrBLW 
049 |a TMVM  |c 1 
050 0 0 |a RG133.5  |b .N48 1990 
060 0 |a WQ 205  |b N5323 1987 
082 0 0 |a 362.1/98178  |2 20 
245 0 4 |a The New reproductive technologies /  |c edited by Maureen McNeil, Ian Varcoe, and Steven Yearley. 
264 1 |a New York :  |b St. Martin's Press,  |c 1990. 
300 |a xiii, 257 pages ;  |c 23 cm. 
336 |a text  |2 rdacontent  |b txt 
337 |a unmediated  |2 rdamedia 
338 |a volume  |2 rdacarrier  |b nc 
500 |a Based on the 1987 British Sociological Association Annual Conference, held in Birmingham, England. 
504 |a Includes bibliographical references (pages 230-249) and index. 
650 2 |a Fertilization in Vitro  |v Congresses. 
650 2 |a Reproductive Techniques  |v Congresses. 
700 1 |a McNeil, Maureen. 
700 1 |a Varcoe, Ian. 
700 1 |a Yearley, Steven. 
710 2 |a British Sociological Association.  |b Conference  |d (1987 :  |c Birmingham, England) 
948 |a Retain per EC; 2002 evaluation; 08/09/2002, nb. 
999 |a MARS 
999 f f |s e892ccc3-3fdc-351c-a965-f610a056d8eb  |i 57c5cc17-2239-356c-9406-d0f2f12310a0  |t 0 
952 f f |p ric  |a Texas A&M University  |b Rellis Campus  |c Joint Library Facility  |d Remote Storage  |t 0  |e WQ 205 N5323 1987  |h National Library of Medicine classification  |i unmediated -- volume  |m 3238900915401 
998 f f |a WQ 205 N5323 1987  |t 0  |l Remote Storage